| 000 | 02737nam a22004454i 4500 | ||
|---|---|---|---|
| 999 |
_c64462 _d64462 |
||
| 001 | bimo0000236239 | ||
| 003 | SpMaBN | ||
| 005 | 20180829073136.0 | ||
| 008 | 841113s1984 sp 0001 spa | ||
| 017 |
_aBU 101-1984 _bOficina Depósito Legal Burgos |
||
| 020 | _a8470573462 | ||
| 040 |
_aIBH _bspa _erdc _cCO-MdFUSB _dCO-MdFUSBC |
||
| 041 | _aspa | ||
| 080 | _a226.6.07 | ||
| 082 |
_223 _a226.606 _bR615 |
||
| 100 | 1 |
_aRius-Camps, Josep _d1933- _eautor |
|
| 245 | 1 | 3 |
_aEl camino de Pablo a la misión de los paganos _b: comentario lingüístico y exegético a Hch 13-28 _c/ Josep Ríus-Camps |
| 264 | 1 |
_aMadrid, España : _bCristiandad _c℗[1984] |
|
| 264 | 4 | _c©1984 | |
| 300 |
_a326 páginas ; _c25 cm |
||
| 336 |
_2rdacontent _atexto _btxt |
||
| 337 |
_2rdamedia _asin mediación _bn |
||
| 338 |
_2rdacarrier _avolumen _bnc |
||
| 490 | 1 | _aLectura del Nuevo Testamento : Estudios críticos y exegéticos | |
| 504 | _aIncluye referencias bibliográficas (página 307) Incluye indice de citas bíblicas (página 313) Incluye indice de autores (página 219) Incluye indice de términos griegos (página 322) | ||
| 505 |
_tIntroducción. -- _tProlegomenos de la misión: _a1. El ámbito de la misión -- 2. Carácter precursor de la iglesia de Jerusalén -- 3. La iglesia de Antioquía, primera comunidad «cristiana» -- Conclusión |
||
| 505 |
_gPrimera parte. _tLas tres primeras fases de la misión entre los paganos: _al. La misión encomendada por el Espíritu Santo a la iglesia de Antioquía -- ll. Primera fase de la misión: Chipre, Pisidia, Licaonica, Panfilia -- lll. Ante el dilema Judaísmo/Cristianismo: la asamblea en Jerusalén -- lV. Segunda fase de la misión: Macedonia, Grecia -- V. Tercera fase de la misión: Asia |
||
| 505 |
_gSegunda parte. _tPablo se dirige a Jerusalén: _al. Decisión irrevocable de Pablo de ir Jerosolima antes de dirigirse a Roma -- ll. Travesía de Macedonia y Cesarea -- lll. Subida a Jerusalén |
||
| 505 |
_gTercera parte. _tConsecuencias de la subida de Pablo a Jerusalén: _al. Arresto de Pablo en el templo -- ll. El testimonio de Pablo en Jerusalén -- lll. Conjura de los judíos contra Pablo -- lV. Pablo en Cesarea: ineficacia de la apología -- V. Cuarta fase de la misión: Roma -- Conclusión final |
||
| 630 | 0 | 7 |
_aBiblia. _pHechos |
| 700 |
_aMateos, Juan _edirector serie |
||
| 830 |
_aLectura del Nuevo Testamento : Estudios críticos y exegéticos _vNo. 2 |
||
| 942 | _cBK | ||
| 956 | _a1 2 | ||
| 980 |
_aM-BN _bBNMADRID _j4/215738 _cSG_RECOLET |
||
| 980 |
_aBU 101-1984 _aM-BN _bBNALCALA _jAHM/341190 _cSALA_ALC |
||
| 980 |
_aM-BN _bBNALCALA _jDL/242605 _cCONSERVACI |
||